[Event "Agzamov Memorial 02nd"]
[Site "Tashkent"]
[Date "2008.03.24"]
[Round "5"]
[White "Avliyakulov, Mirzoolim"]
[Black "Zubarev, Alexander2222"]
[Result "0-1"]
[WhiteElo "2115"]
[BlackElo "2491"]
[PlyCount "68"]
[EventDate "2008.03.18"]
[EventType "swiss"]
[EventRounds "9"]
[EventCountry "UZB"]
[SourceTitle "CBM 123 Extra"]
[Source "ChessBase"]
[SourceDate "2008.05.06"]
[SourceVersion "1"]
[SourceVersionDate "2008.05.06"]
[SourceQuality "1"]

1. e4 c5 2. Nf3 e6 3. d4 cxd4 4. Nxd4 a6 5. Nc3 Ne7 6. Be3 Nbc6 7. Nb3 Ng6 8. a3 Qc7 9. Qd2 b5 10. Be2 Nce5 11. Qd4 Nc6 12. Qd2 Be7 13. 0-0 0-0 14. f4 d6 15. Bd3 Bd7 16. Qf2 Bh4 17. Qf3 Bf6 18. Qh5 b4 19. axb4 Nxb4 20. Nd4 Rab8 21. Nde2 Nxd3 22. cxd3 Rxb2 23. Rac1 Qb7 24. Rf3 Rc8 25. f5 exf5 26. exf5 Ne5 27. Rg3 g6 28. Ne4 Bg7 29. Qh4 Rxe2 30. Rxc8+ Qxc8 31. h3 Bxf5 32. Nxd6 Qd7 33. Nxf5 Qxf5 34. Qd8+ Bf8 0-1

[Event "Asia-ch U18"]
[Site "Tashkent"]
[Date "2007.07.02"]
[Round "5"]
[White "Amanov, Zhanibek"]
[Black "Avliyakulov, Mirzoolim"]
[Result "1/2-1/2"]
[WhiteElo "2277"]
[BlackElo "2141"]
[PlyCount "74"]
[EventDate "2007.06.28"]
[EventType "swiss"]
[EventRounds "9"]
[EventCountry "UZB"]
[SourceTitle "CBM 119 Extra"]
[Source "ChessBase"]
[SourceDate "2007.09.04"]
[SourceVersion "1"]
[SourceVersionDate "2007.09.04"]
[SourceQuality "1"]

1. e4 c5 2. Nf3 d6 3. d4 cxd4 4. Nxd4 Nf6 5. Nc3 a6 6. Bc4 e6 7. 0-0 Be7 8. Bb3 0-0 9. Qf3 Qc7 10. Qg3 Nc6 11. Be3 b5 12. Nxc6 Qxc6 13. Bh6 Ne8 14. a4 Bb7 15. axb5 axb5 16. Rxa8 Bxa8 17. Re1 Kh8 18. Bd2 Nf6 19. f3 Nd7 20. Ne2 Bf6 21. c3 Be5 22. Qf2 Nc5 23. Bc2 Na4 24. Bc1 Rc8 25. Nd4 Qc5 26. Rd1 Nxc3 27. bxc3 Qxc3 28. Nxb5 Qxc2 29. Qxc2 Rxc2 30. f4 Bf6 31. Nxd6 Be7 32. Ba3 Bxd6 33. Rxd6 Rc8 34. e5 Bd5 35. Rd7 Ra8 36. Be7 Ra1+ 37. Kf2 h6 1/2-1/2